[Event "ONJK 2018 A"]
[Site "Borne, Netherlands"]
[Date "2018.08.07"]
[Round "3.8"]
[White "Merkon, Oseb"]
[Black "Dauw, Sterre"]
[Result "0-1"]
[WhiteElo "1803"]
[BlackElo "2192"]
[PlyCount "64"]
[EventDate "2018.??.??"]

1. c4 Nf6 2. Nc3 c5 3. g3 d5 4. cxd5 Nxd5 5. Bg2 Nc7 6. Nf3 Nc6 7. d3 e5 8. Be3
Bd7 9. O-O Be7 10. a3 O-O 11. Qc2 f6 12. Nd2 Rc8 13. Nd5 Nxd5 14. Bxd5+ Kh8 15.
Bg2 b6 16. f4 exf4 17. gxf4 f5 18. Nf3 Bf6 19. Bd2 Be6 20. e4 Nd4 21. Qd1 Bb3
22. Qe1 Nc2 23. Qe2 Nxa1 24. Rxa1 c4 25. d4 Bxd4+ 26. Nxd4 Qxd4+ 27. Be3 Qd3
28. Qxd3 cxd3 29. exf5 Rfd8 30. Bd2 Rc2 31. Bc3 d2 32. Bf3 Rc1+ 0-1

[Event "ONJK 2018 A"]
[Site "Borne, Netherlands"]
[Date "2018.08.07"]
[Round "3.9"]
[White "Van Roon, Sjoerd"]
[Black "Roebers, Eline"]
[Result "0-1"]
[WhiteElo "2116"]
[BlackElo "1857"]
[PlyCount "70"]
[EventDate "2018.??.??"]

1. e4 c6 2. d4 d5 3. e5 Bf5 4. Nf3 e6 5. Nbd2 Nd7 6. Nb3 Ne7 7. Be3 Qc7 8. Nh4
Bg6 9. Nxg6 hxg6 10. f4 b6 11. g4 c5 12. c3 Nc6 13. Rc1 Be7 14. Ba6 f6 15. Qc2
Kf7 16. Bd3 f5 17. gxf5 gxf5 18. Bxf5 Bh4+ 19. Kd1 exf5 20. Qxf5+ Ke8 21. Qg6+
Kf8 22. dxc5 Ne7 23. Nd4 Qxe5 24. Ne6+ Kg8 25. Qg4 Qh5 26. Rg1 Nf5 27. Qxh5
Rxh5 28. Bd4 Bf6 29. c6 Bxd4 30. cxd4 Nf6 31. c7 Rc8 32. Rc6 Kf7 33. Ng5+ Ke7
34. Nf3 Rh3 35. Ke2 Rxf3 0-1

[Event "ONJK 2018 A"]
[Site "Borne, Netherlands"]
[Date "2018.08.07"]
[Round "3.10"]
[White "Waardenburg, Feline"]
[Black "Godde, Matthias"]
[Result "0-1"]
[WhiteElo "1752"]
[BlackElo "2020"]
[PlyCount "94"]
[EventDate "2018.??.??"]

1. d4 Nf6 2. c4 g6 3. Nc3 Bg7 4. e4 d6 5. f3 O-O 6. Nge2 a6 7. Be3 Nbd7 8. Nc1
c6 9. Be2 b5 10. a3 Nb6 11. cxb5 axb5 12. Nd3 Be6 13. O-O Nc4 14. Bf2 Na5 15.
Nb4 Bb3 16. Qc1 Rc8 17. Qg5 h6 18. Qf4 Qd7 19. a4 Nc4 20. axb5 cxb5 21. d5 g5
22. Qc1 Nh5 23. Ra7 Rc7 24. Rxc7 Qxc7 25. Nxb5 Qa5 26. Bxc4 Qxb4 27. Bxb3 Qxb5
28. Bc4 Qxb2 29. Qxb2 Bxb2 30. Rb1 Bf6 31. Ba7 Kh7 32. Bd3 Nf4 33. Ba6 Ra8 34.
Rb7 Rxa7 35. g3 Rxa6 36. gxf4 gxf4 37. Kg2 Kg6 38. Rb8 Ra2+ 39. Kh3 Rf2 40. Kg4
h5+ 41. Kxf4 Rxh2 42. Kg3 Ra2 43. f4 h4+ 44. Kg4 Ra3 45. f5+ Kh6 46. Rf8 Rg3+
47. Kf4 Bg5# 0-1

[Event "ONJK 2018 A"]
[Site "Borne, Netherlands"]
[Date "2018.08.07"]
[Round "3.11"]
[White "Verheyen, Olivier"]
[Black "Warmerdam, Ivo"]
[Result "0-1"]
[WhiteElo "2010"]
[BlackElo "1817"]
[PlyCount "98"]
[EventDate "2018.??.??"]

1. e4 c6 2. d4 d5 3. e5 Bf5 4. h4 h6 5. Bd3 Bxd3 6. Qxd3 e6 7. h5 c5 8. c3 Nc6
9. a3 Rc8 10. Be3 Qb6 11. Nd2 cxd4 12. cxd4 Nge7 13. Ne2 Nf5 14. O-O Be7 15. g4
Nxe3 16. Qxe3 O-O 17. f4 Na5 18. g5 hxg5 19. fxg5 Rc2 20. b4 Rxd2 21. Qxd2 Nb3
22. Qf4 Nxa1 23. Rxa1 Qd8 24. g6 fxg6 25. Qg4 Rf5 26. Ng3 gxh5 27. Qg6 Rg5 28.
Qxe6+ Kh8 29. Kh2 Rg4 30. Qf7 g6 31. Rf1 Bh4 32. Qf8+ Qxf8 33. Rxf8+ Kg7 34.
Rf3 Bxg3+ 35. Rxg3 Rxd4 36. Rf3 Re4 37. Rc3 Rc4 38. Rf3 Rc7 39. Rd3 Rd7 40. e6
Re7 41. Rxd5 Kf6 42. a4 Kxe6 43. Rg5 Kf6 44. Ra5 a6 45. b5 Re6 46. Kg3 Ke7 47.
Kh4 Re5 48. Kg3 Kd7 49. Kh4 Rc5 0-1

[Event "ONJK 2018 A"]
[Site "Borne, Netherlands"]
[Date "2018.08.07"]
[Round "3.12"]
[White "Bosma, Jan"]
[Black "Gijsen, William"]
[Result "1-0"]
[WhiteElo "1699"]
[BlackElo "1949"]
[PlyCount "69"]
[EventDate "2018.??.??"]

1. d4 Nf6 2. c4 e6 3. Nf3 b6 4. g3 Bb7 5. Bg2 c5 6. O-O cxd4 7. Nxd4 Bxg2 8.
Kxg2 Be7 9. Bf4 O-O 10. Nc3 a6 11. e4 d6 12. Be3 Qc7 13. Rc1 Nbd7 14. f4 Nc5
15. Qf3 Rac8 16. Rfd1 Qb7 17. e5 Ng4 18. Bg1 dxe5 19. Qxb7 Nxb7 20. Nf3 Bf6 21.
h3 Nh6 22. fxe5 Bd8 23. Ne4 Bc7 24. g4 f6 25. g5 f5 26. Nd6 Bxd6 27. exd6 Nf7
28. Bxb6 Rc6 29. c5 Rxb6 30. cxb6 Nbxd6 31. Ne5 f4 32. Nxf7 Nxf7 33. b7 Nxg5
34. Rc8 f3+ 35. Kf1 1-0

[Event "ONJK 2018 A"]
[Site "Borne, Netherlands"]
[Date "2018.08.08"]
[Round "4.2"]
[White "Maerevoet, Sim"]
[Black "Duson, Robin"]
[Result "1-0"]
[WhiteElo "2114"]
[BlackElo "2022"]
[PlyCount "95"]
[EventDate "2018.??.??"]

1. c4 e5 2. g3 c6 3. Nf3 e4 4. Nd4 Nf6 5. Nc3 d5 6. cxd5 cxd5 7. d3 Qb6 8. dxe4
Bc5 9. Be3 dxe4 10. Bg2 O-O 11. O-O Bd7 12. Rb1 a5 13. Bxe4 Rd8 14. Qb3 Qxb3
15. Nxb3 Bxe3 16. fxe3 Nxe4 17. Nxe4 Be6 18. Nec5 Bxb3 19. Nxb3 Nc6 20. Rbd1 f6
21. Nc5 b6 22. Ne6 Rxd1 23. Rxd1 Re8 24. Nf4 Rxe3 25. Rd6 Nb4 26. a3 Nc2 27.
Rxb6 g5 28. Nd5 Rxe2 29. Rxf6 Rd2 30. Nc7 Ne3 31. Rf3 Rg2+ 32. Kh1 Re2 33. h3
h5 34. b4 axb4 35. axb4 g4 36. hxg4 hxg4 37. Rf4 Kg7 38. b5 Rb2 39. Re4 Rb3 40.
Ne6+ Kf6 41. Nd4 Rb1+ 42. Kh2 Rb2+ 43. Kg1 Rg2+ 44. Kh1 Rxg3 45. b6 Rh3+ 46.
Kg1 Rg3+ 47. Kf2 Nf5 48. b7 1-0

[Event "ONJK 2018 A"]
[Site "Borne, Netherlands"]
[Date "2018.08.08"]
[Round "4.3"]
[White "Carpentier, Jannes"]
[Black "Jongste, David"]
[Result "0-1"]
[WhiteElo "1937"]
[BlackElo "2109"]
[PlyCount "130"]
[EventDate "2018.??.??"]

1. b3 e5 2. Bb2 Nc6 3. e3 Nf6 4. c4 d5 5. cxd5 Qxd5 6. Nc3 Qd6 7. Qb1 g6 8. Nf3
Bf5 9. e4 Bg4 10. Nb5 Qe7 11. Be2 a6 12. Na3 Bxf3 13. Bxf3 O-O-O 14. Nc4 Bh6
15. Bc3 Nd4 16. Bxd4 Rxd4 17. Qc2 Rhd8 18. Rd1 Qc5 19. Rc1 b5 20. Ne3 Qxc2 21.
Rxc2 Nxe4 22. Bxe4 Rxe4 23. O-O Red4 24. Rd1 Rd3 25. Kf1 f5 26. Ke2 Bf8 27.
Rdc1 R3d7 28. d3 Ba3 29. Rd1 h5 30. Rc6 Rd6 31. Rxd6 Rxd6 32. f3 Kb7 33. Rb1
Bc5 34. Rc1 Bxe3 35. Kxe3 Rc6 36. Rg1 Rc2 37. a4 Kc6 38. f4 bxa4 39. bxa4 Kd5
40. fxe5 Kxe5 41. Re1 Kd5 42. Kf3 Rd2 43. Re3 c5 44. h3 g5 45. g3 a5 46. h4
gxh4 47. gxh4 Rh2 48. Kg3 f4+ 49. Kxf4 Rxh4+ 50. Kg5 Rxa4 51. Kxh5 Rd4 52. Re1
a4 53. Ra1 Kc6 54. Kg5 Kb5 55. Rb1+ Rb4 56. Rd1 a3 57. Kf5 Ka4 58. Ke5 a2 59.
Ra1 Kb3 60. Kd5 Rd4+ 61. Kxc5 Rxd3 62. Rh1 Rc3+ 63. Kd4 Kb2 64. Rg1 Rc1 65.
Rg2+ Kb1 0-1

[Event "ONJK 2018 A"]
[Site "Borne, Netherlands"]
[Date "2018.08.08"]
[Round "4.4"]
[White "De Vries, Tobias"]
[Black "Pauwels, Xander"]
[Result "1/2-1/2"]
[WhiteElo "1775"]
[BlackElo "2095"]
[PlyCount "50"]
[EventDate "2018.??.??"]

1. Nf3 Nf6 2. c4 e6 3. g3 d5 4. d4 dxc4 5. Bg2 c5 6. Qa4+ Nbd7 7. O-O a6 8.
Qxc4 b5 9. Qc2 Bb7 10. e3 Be7 11. Qe2 O-O 12. Rd1 Qb6 13. dxc5 Nxc5 14. b3 Rac8
15. Bb2 Nce4 16. Bd4 Bc5 17. b4 Bxd4 18. Nxd4 Rfd8 19. Nb3 Rxd1+ 20. Qxd1 Rd8
21. Qe1 Nxf2 22. Kxf2 Ng4+ 23. Kg1 Rd1 24. N1d2 Qxe3+ 25. Kh1 Qg1+ 1/2-1/2

[Event "ONJK 2018 A"]
[Site "Borne, Netherlands"]
[Date "2018.08.08"]
[Round "4.5"]
[White "Ortmeier, Leonhard"]
[Black "De Bock, Thijs"]
[Result "1-0"]
[WhiteElo "2080"]
[BlackElo "1959"]
[PlyCount "143"]
[EventDate "2018.??.??"]

1. e4 c5 2. Nf3 d6 3. Bb5+ Nd7 4. O-O a6 5. Bd3 Ngf6 6. Re1 b5 7. c4 Ne5 8. Bf1
Nxc4 9. a4 Bd7 10. Bxc4 bxc4 11. Na3 e5 12. Nxc4 Be7 13. d3 O-O 14. Bg5 Ne8 15.
Bxe7 Qxe7 16. Nb6 Rb8 17. a5 Bc6 18. Rc1 Nc7 19. d4 Na8 20. dxc5 dxc5 21. Nd5
Qd6 22. Nd2 Bb5 23. Qc2 Rfc8 24. Red1 c4 25. Nf1 Qc5 26. Nfe3 Nc7 27. Qc3 f6
28. b3 Ne6 29. b4 Qf8 30. Nf5 Kh8 31. Qh3 Re8 32. Qa3 g6 33. Nfe3 Nd4 34. Qa2
c3 35. Kh1 Rbc8 36. h3 Rc6 37. Rxc3 Rxc3 38. Nxc3 Qxb4 39. Nxb5 Nxb5 40. Rd7
Rf8 41. Ng4 Nc3 42. Qd2 g5 43. Rc7 Qb1+ 44. Kh2 Nb5 45. Qc2 Qxc2 46. Rxc2 f5
47. exf5 Rxf5 48. f3 h5 49. Ne3 Rf6 50. Rc5 Re6 51. Nc4 e4 52. Rxg5 h4 53. Re5
Rxe5 54. Nxe5 e3 55. Kg1 Nd4 56. Nc4 e2 57. Kf2 Kg7 58. Na3 Kf6 59. Nb1 Nb3 60.
Kxe2 Nxa5 61. f4 Kf5 62. Kf3 Nc4 63. Nc3 Nd2+ 64. Ke3 Nc4+ 65. Kd4 Kxf4 66.
Ne2+ Kf5 67. Kxc4 Ke4 68. g3 hxg3 69. Nxg3+ Kf4 70. h4 Kg4 71. h5 Kg5 72. Kb4
1-0

[Event "ONJK 2018 A"]
[Site "Borne, Netherlands"]
[Date "2018.08.08"]
[Round "4.6"]
[White "Dauw, Sterre"]
[Black "Ghebreab, Elnathan"]
[Result "1-0"]
[WhiteElo "2192"]
[BlackElo "1897"]
[PlyCount "95"]
[EventDate "2018.??.??"]

1. e4 c5 2. Nf3 d6 3. Bb5+ Nd7 4. d4 cxd4 5. Qxd4 a6 6. Bxd7+ Bxd7 7. c4 Rc8 8.
Nc3 Qc7 9. b3 e6 10. Bb2 Nf6 11. O-O Be7 12. Rfd1 O-O 13. Rac1 Rfd8 14. a4 Qc5
15. Rd3 Bc6 16. Nd2 h6 17. Kf1 Qh5 18. h3 Ne8 19. Qe3 Nf6 20. Nf3 Qc5 21. Nd4
Qb4 22. Ra1 Nd7 23. Ba3 Qb6 24. Nxc6 Qxc6 25. Nd5 Bf8 26. Nb4 Qc7 27. Rad1 Ne5
28. R3d2 Nc6 29. Nxc6 bxc6 30. Qg3 d5 31. Qxc7 Rxc7 32. Bxf8 Kxf8 33. exd5 exd5
34. cxd5 Rcd7 35. d6 a5 36. Rd4 f6 37. f4 f5 38. Ke2 Kf7 39. R1d3 Ke6 40. Re3+
Kf6 41. Re5 Rxd6 42. Rxd6+ Rxd6 43. Rxa5 Ke6 44. Re5+ Kf6 45. Rc5 Re6+ 46. Kf3
g6 47. a5 Ke7 48. Re5 1-0

[Event "ONJK 2018 A"]
[Site "Borne, Netherlands"]
[Date "2018.08.08"]
[Round "4.7"]
[White "Van Doren, Bas"]
[Black "Van Malder, Dries"]
[Result "0-1"]
[WhiteElo "1875"]
[BlackElo "2126"]
[PlyCount "44"]
[EventDate "2018.??.??"]

1. e4 c5 2. Nf3 d6 3. d4 cxd4 4. Nxd4 Nf6 5. Nc3 Nc6 6. Bg5 e6 7. Qd2 a6 8.
O-O-O Bd7 9. f4 b5 10. Bxf6 gxf6 11. Kb1 Qb6 12. Nxc6 Bxc6 13. f5 O-O-O 14.
fxe6 fxe6 15. Qf4 Be7 16. Qg4 Bd7 17. Qg7 Rde8 18. g3 Qc5 19. h4 Qe5 20. a4 h5
21. Be2 Kd8 22. g4 Reg8 0-1

[Event "ONJK 2018 A"]
[Site "Borne, Netherlands"]
[Date "2018.08.08"]
[Round "4.8"]
[White "Godde, Matthias"]
[Black "Roebers, Eline"]
[Result "1/2-1/2"]
[WhiteElo "2020"]
[BlackElo "1857"]
[PlyCount "145"]
[EventDate "2018.??.??"]

1. e4 e5 2. Nf3 d6 3. d4 exd4 4. Nxd4 Nf6 5. Nc3 Be7 6. Be2 O-O 7. O-O c6 8.
Be3 b5 9. Bf3 b4 10. Nce2 Qc7 11. Qd2 Bb7 12. Ng3 Re8 13. Ndf5 d5 14. Bf4 Qd7
15. e5 Ne4 16. Bxe4 dxe4 17. Qxd7 Nxd7 18. Nxe4 Ba6 19. Rfd1 Nb6 20. Ned6 Bxd6
21. exd6 Nd5 22. Rxd5 cxd5 23. Ne7+ Kf8 24. Nxd5 Re4 25. f3 Rd4 26. Nc7 Rd8 27.
Be3 R4xd6 28. Bc5 Kg8 29. Bxd6 Rxd6 30. Nxa6 Rxa6 31. Rd1 g6 32. Rd4 Rc6 33.
Rd2 Ra6 34. Rd4 Rc6 35. Rxb4 Rxc2 36. Ra4 Rxb2 37. Rxa7 Kg7 38. h3 h5 39. Ra4
h4 40. Rxh4 Rxa2 41. Kh2 Ra5 42. Kg3 Rb5 43. Ra4 Rg5+ 44. Kf2 Rb5 45. g4 Rb2+
46. Kg3 Rb1 47. Ra5 Rg1+ 48. Kf2 Rh1 49. Kg2 Rb1 50. h4 Rb4 51. h5 gxh5 52.
Rxh5 Kg6 53. Kg3 Ra4 54. Rb5 Rc4 55. Rb6+ Kg7 56. f4 Ra4 57. Rd6 Rb4 58. Kf3
Ra4 59. Ke3 Rb4 60. Rd4 Rb1 61. Ke4 Rb3 62. Rd5 Rb2 63. Kf5 Rb6 64. Kg5 Rg6+
65. Kh4 Ra6 66. Rg5+ Kf6 67. Rh5 Kg6 68. Rb5 Rc6 69. f5+ Kg7 70. g5 Rc1 71. Rb4
Rh1+ 72. Kg4 Rc1 73. Kh5 1/2-1/2

[Event "ONJK 2018 A"]
[Site "Borne, Netherlands"]
[Date "2018.08.08"]
[Round "4.9"]
[White "Warmerdam, Ivo"]
[Black "Muntean, Victor"]
[Result "1/2-1/2"]
[WhiteElo "1817"]
[BlackElo "1929"]
[PlyCount "127"]
[EventDate "2018.??.??"]

1. e4 e5 2. Nf3 Nc6 3. Bb5 a6 4. Ba4 Nf6 5. O-O Be7 6. Re1 b5 7. Bb3 O-O 8. d3
d6 9. c3 Na5 10. Bc2 c5 11. a4 Bb7 12. Nbd2 Re8 13. Nf1 Bf8 14. Ng3 g6 15. h3
Bg7 16. Nh2 Qc7 17. f4 Rad8 18. Ng4 Nxg4 19. Qxg4 exf4 20. Bxf4 b4 21. Ne2 Qb6
22. Bd2 d5 23. exd5 Bxd5 24. Nf4 Bb3 25. Rxe8+ Rxe8 26. Qd1 g5 27. Bxb3 Nxb3
28. Nd5 Qa7 29. Rb1 c4+ 30. d4 bxc3 31. bxc3 Qd7 32. Nb4 Bxd4+ 33. cxd4 Qxd4+
34. Kh1 Qxd2 35. Qxd2 Nxd2 36. Rd1 c3 37. Rc1 Rc8 38. Nd5 Kg7 39. Rxc3 Rxc3 40.
Nxc3 Nb3 41. Nd5 Nc5 42. a5 f5 43. g3 Kf7 44. Kg2 Ke6 45. Nb4 Ke5 46. Kf3 h5
47. Nc6+ Kd5 48. Ne7+ Ke6 49. Nc6 Kd6 50. Nd4 Nb7 51. Nxf5+ Ke5 52. Ng7 Nxa5
53. Nxh5 Nc4 54. Ke2 Kd4 55. Kd1 Kc3 56. Kc1 a5 57. Nf6 a4 58. Ne4+ Kb3 59.
Nc5+ Kb4 60. Nd3+ Kc3 61. Nc5 a3 62. Kb1 Kb4 63. Ne4 Kb3 64. Nc5+ 1/2-1/2

[Event "ONJK 2018 A"]
[Site "Borne, Netherlands"]
[Date "2018.08.08"]
[Round "4.10"]
[White "Decruyenaere, Robbert"]
[Black "Bosma, Jan"]
[Result "0-1"]
[WhiteElo "1927"]
[BlackElo "1699"]
[PlyCount "145"]
[EventDate "2018.??.??"]

1. e4 c6 2. d4 d5 3. exd5 cxd5 4. Bf4 Nc6 5. Nf3 Bg4 6. c3 a6 7. Nbd2 e6 8. Bd3
Bd6 9. Bg3 Nge7 10. Qe2 Rc8 11. O-O h6 12. Qe3 Bxg3 13. hxg3 Bf5 14. Rfe1 O-O
15. Nh4 Bxd3 16. Qxd3 Na5 17. Nhf3 Nf5 18. Ne5 Nd6 19. g4 Nac4 20. Ndxc4 Nxc4
21. Rab1 b5 22. a3 a5 23. g3 Qg5 24. f4 Nxe5 25. Rxe5 Qxg4 26. Kg2 b4 27. axb4
axb4 28. f5 exf5 29. Rxd5 bxc3 30. Rxf5 cxb2 31. Rxb2 Rfe8 32. Rf4 Qe6 33. d5
Qe1 34. Rbf2 Rc1 35. Rf1 Qe2+ 36. Qxe2 Rxe2+ 37. R1f2 Rxf2+ 38. Kxf2 Rd1 39.
Rf5 g6 40. Re5 f6 41. Re8+ Kf7 42. Rd8 Ke7 43. Rg8 g5 44. Rh8 Rxd5 45. Rxh6 Rd3
46. Rh8 Ke6 47. Ra8 Kf5 48. Ra4 Rb3 49. Rc4 Rb2+ 50. Kf1 Ke5 51. Ra4 Rd2 52.
Ra6 Kf5 53. Ra4 Rb2 54. Rc4 Ra2 55. Rb4 Ke5 56. Kg1 Rd2 57. Rb6 Rd6 58. Rb4 Rd4
59. Rb6 Kf5 60. Kf2 Ra4 61. Kf3 Ra3+ 62. Kf2 Ra2+ 63. Kf1 Kg4 64. Rxf6 Kxg3 65.
Rb6 Ra1+ 66. Ke2 g4 67. Rb3+ Kg2 68. Rb8 Ra7 69. Rg8 Re7+ 70. Kd2 g3 71. Rg6
Kf2 72. Rf6+ Kg1 73. Rg6 0-1

[Event "ONJK 2018 A"]
[Site "Borne, Netherlands"]
[Date "2018.08.08"]
[Round "4.11"]
[White "Lahouel, Kim-Luca"]
[Black "Van der Hoeven, Carsten"]
[Result "1-0"]
[WhiteElo "1894"]
[BlackElo "1509"]
[PlyCount "49"]
[EventDate "2018.??.??"]

1. e4 c5 2. c3 e5 3. Nf3 Nc6 4. Bb5 d6 5. d4 cxd4 6. cxd4 exd4 7. Nxd4 Bd7 8.
Bc4 Nf6 9. O-O Be7 10. Nc3 O-O 11. Bf4 a6 12. Nf5 b5 13. Nxe7+ Nxe7 14. Bd3 Qb6
15. Qf3 Ng6 16. Bg5 Ne5 17. Qe2 Bg4 18. Qd2 Qd4 19. Bxf6 gxf6 20. Nd5 Nxd3 21.
Qh6 Be2 22. Ne7+ Kh8 23. Nf5 Rg8 24. Nxd4 Rg6 25. Qd2 1-0

[Event "ONJK 2018 A"]
[Site "Borne, Netherlands"]
[Date "2018.08.08"]
[Round "4.12"]
[White "Dubbeldam, Lydia"]
[Black "De Boer, Sipke"]
[Result "1-0"]
[WhiteElo "1833"]
[BlackElo "1352"]
[PlyCount "137"]
[EventDate "2018.??.??"]

1. e4 d5 2. exd5 Qxd5 3. Nc3 Qa5 4. d4 Nf6 5. Nf3 Bg4 6. h3 Bxf3 7. Qxf3 c6 8.
Bc4 Nbd7 9. Bd2 e6 10. O-O-O Be7 11. Rhe1 Qc7 12. Bf4 Bd6 13. Bxd6 Qxd6 14. d5
Ne5 15. Qe2 Nxc4 16. Qxc4 O-O 17. dxe6 Qe7 18. exf7+ Qxf7 19. Qxf7+ Rxf7 20.
Re2 Nh5 21. Red2 Nf4 22. f3 Re8 23. Ne4 Rfe7 24. g3 Nd5 25. Re2 Kf8 26. Rde1 h6
27. a3 Rd7 28. Nc5 Rde7 29. Rxe7 Rxe7 30. Rxe7 Nxe7 31. Nxb7 Nf5 32. Na5 c5 33.
Nb7 Nxg3 34. Nxc5 Ne2+ 35. Kd2 Ng1 36. Ke3 Nxh3 37. c4 Ng5 38. b4 Ke7 39. f4
Nf7 40. Ne4 g5 41. fxg5 hxg5 42. c5 Ne5 43. Kd4 Nf3+ 44. Kd5 Kd7 45. Nf6+ Kc7
46. c6 Nd2 47. Ne8+ Kc8 48. Nd6+ Kb8 49. Nb5 g4 50. c7+ Kb7 51. Kd6 Nc4+ 52.
Kd7 Nb6+ 53. Kd8 g3 54. Nd4 g2 55. Ne2 a6 56. a4 Nc8 57. a5 Na7 58. Kd7 Nc8 59.
b5 Na7 60. b6 Nc8 61. Ng1 Ka8 62. Kd8 Nd6 63. Kd7 Nc8 64. Nf3 Kb7 65. Kd8 Nd6
66. Ke7 Nc8+ 67. Kd7 g1=Q 68. Nxg1 Ka8 69. Nf3 1-0

[Event "ONJK 2018 A"]
[Site "Borne, Netherlands"]
[Date "2018.08.08"]
[Round "5.2"]
[White "Jongste, David"]
[Black "Dauw, Sterre"]
[Result "0-1"]
[WhiteElo "2109"]
[BlackElo "2192"]
[PlyCount "108"]
[EventDate "2018.??.??"]

1. e4 c5 2. Nf3 d6 3. c3 Nf6 4. h3 e6 5. Bd3 d5 6. e5 Nfd7 7. Bc2 Nc6 8. d4 Be7
9. a3 c4 10. Nbd2 Qc7 11. Nf1 Na5 12. Ng3 Nb6 13. Nh5 g6 14. Ng3 Bd7 15. Ng5 h6
16. Nxf7 Kxf7 17. Qf3+ Ke8 18. Bxg6+ Kd8 19. Qf7 Nb3 20. Qg7 Rf8 21. Bxh6 Nxa1
22. Bg5 Re8 23. Nh5 Bxg5 24. Bxe8 Bd2+ 25. Kxd2 Nb3+ 26. Ke3 Bxe8 27. Qg5+ Qe7
28. Nf6 Nd7 29. h4 Nxf6 30. exf6 Qf7 31. h5 Kd7 32. g4 Qh7 33. Qg7+ Qxg7 34.
fxg7 Bf7 35. h6 Bg6 36. Kf4 Bh7 37. Kg5 Nd2 38. f4 Ne4+ 39. Kh4 Ke7 40. Rg1 Kf6
41. Kh5 Bg6+ 42. Kh4 b5 43. Rf1 a5 44. Ra1 Bh7 45. Kh5 Bg6+ 46. Kh4 Bf7 47. g5+
Kg6 48. Kg4 Nd6 49. Rh1 Nf5 50. Kf3 Nxg7 51. hxg7 Kxg7 52. Re1 Rh8 53. f5 exf5
54. Kf4 Kg6 0-1

[Event "ONJK 2018 A"]
[Site "Borne, Netherlands"]
[Date "2018.08.08"]
[Round "5.3"]
[White "Van Malder, Dries"]
[Black "Ortmeier, Leonhard"]
[Result "1/2-1/2"]
[WhiteElo "2126"]
[BlackElo "2080"]
[PlyCount "53"]
[EventDate "2018.??.??"]

1. d4 Nf6 2. c4 e6 3. Nf3 d5 4. Nc3 Bb4 5. Bg5 h6 6. Bxf6 Qxf6 7. e3 O-O 8. Rc1
dxc4 9. Bxc4 b6 10. O-O Bb7 11. a3 Bxc3 12. Rxc3 Rd8 13. Qe2 c6 14. Rfc1 Nd7
15. Ba6 Bxa6 16. Qxa6 c5 17. b4 cxd4 18. Nxd4 Ne5 19. Rc7 Ng4 20. R7c2 Qe5 21.
Nf3 Qf5 22. Rc7 Qd5 23. h3 Ne5 24. Nd4 Rd7 25. Rxd7 Qxd7 26. Qb5 Qxb5 27. Nxb5
1/2-1/2

[Event "ONJK 2018 A"]
[Site "Borne, Netherlands"]
[Date "2018.08.08"]
[Round "5.4"]
[White "Pauwels, Xander"]
[Black "Hilwerda, Jonas"]
[Result "1/2-1/2"]
[WhiteElo "2095"]
[BlackElo "2124"]
[PlyCount "37"]
[EventDate "2018.??.??"]

1. d4 Nf6 2. c4 e6 3. Nf3 b6 4. g3 Bb7 5. Bg2 Be7 6. O-O O-O 7. b3 Qc8 8. Bb2
d5 9. Nbd2 dxc4 10. Nxc4 Bd5 11. Ne3 Be4 12. Ne5 Bxg2 13. Nxg2 Qb7 14. Qc2 c5
15. Rac1 Na6 16. dxc5 Bxc5 17. Nd3 Rac8 18. Nxc5 Nxc5 19. Rfd1 1/2-1/2

[Event "ONJK 2018 A"]
[Site "Borne, Netherlands"]
[Date "2018.08.08"]
[Round "5.5"]
[White "Bosma, Jan"]
[Black "De Vries, Tobias"]
[Result "1/2-1/2"]
[WhiteElo "1699"]
[BlackElo "1775"]
[PlyCount "155"]
[EventDate "2018.??.??"]

1. c4 c5 2. Nf3 Nc6 3. d4 cxd4 4. Nxd4 g6 5. e4 Bg7 6. Be3 Nf6 7. Nc3 d6 8. Be2
O-O 9. O-O a6 10. Rc1 e6 11. f4 Nxd4 12. Bxd4 Qc7 13. Be3 Bd7 14. Qe1 Bc6 15.
Bf3 Rfe8 16. g4 Qe7 17. Rd1 Nd7 18. Qd2 Nc5 19. Qxd6 Qxd6 20. Rxd6 Bxc3 21.
bxc3 Na4 22. Bd4 Nb2 23. Bf6 Nxc4 24. Rd4 Nb6 25. Rfd1 Rac8 26. Be2 Kf8 27. Kf2
Kg8 28. R1d3 Ra8 29. Rh3 Nd7 30. g5 Nxf6 31. gxf6 e5 32. fxe5 Rxe5 33. Bd3 Rae8
34. Ke3 Rc5 35. Rd6 Rxc3 36. Kd4 Ra3 37. Re3 Rxa2 38. e5 Rf2 39. Bxa6 bxa6 40.
Rxc6 Rxh2 41. Rxa6 Rd2+ 42. Ke4 Rb2 43. Kf4 h6 44. e6 fxe6 45. Rexe6 Rxe6 46.
Rxe6 Kf7 47. Ra6 Rb5 48. Ra7+ Kxf6 49. Ra6+ Kf7 50. Ra7+ Ke8 51. Ra8+ Kd7 52.
Ra7+ Kc6 53. Rh7 Rh5 54. Rf7 Rg5 55. Rh7 Rf5+ 56. Kg4 h5+ 57. Kg3 Kd6 58. Rg7
Rg5+ 59. Kf4 Rg4+ 60. Kf3 Ke6 61. Ra7 Kf6 62. Ra6+ Kg7 63. Ra7+ Kh6 64. Ra5 Rb4
65. Kg3 h4+ 66. Kh3 g5 67. Ra8 Rb3+ 68. Kg4 Rg3+ 69. Kf5 h3 70. Rh8+ Kg7 71.
Ra8 h2 72. Ra7+ Kh6 73. Ra8 Rf3+ 74. Kg4 Rf4+ 75. Kg3 Rh4 76. Rh8+ Kg6 77. Rxh4
gxh4+ 78. Kxh2 1/2-1/2

[Event "ONJK 2018 A"]
[Site "Borne, Netherlands"]
[Date "2018.08.08"]
[Round "5.6"]
[White "Duson, Robin"]
[Black "Dubbeldam, Lydia"]
[Result "1-0"]
[WhiteElo "2022"]
[BlackElo "1833"]
[PlyCount "39"]
[EventDate "2018.??.??"]

1. Nf3 f5 2. d4 d6 3. g3 g6 4. c4 Nf6 5. Bg2 Bg7 6. O-O c6 7. Nc3 O-O 8. d5 e5
9. dxe6 Bxe6 10. Qd3 d5 11. Ng5 Bf7 12. cxd5 cxd5 13. Nxf7 Rxf7 14. Nxd5 Rd7
15. Nxf6+ Qxf6 16. Qc4+ Qf7 17. Qc8+ Bf8 18. Bf4 Kg7 19. Bxb8 Bd6 20. Qc3+ 1-0

[Event "ONJK 2018 A"]
[Site "Borne, Netherlands"]
[Date "2018.08.08"]
[Round "5.7"]
[White "Muntean, Victor"]
[Black "Godde, Matthias"]
[Result "1-0"]
[WhiteElo "1929"]
[BlackElo "2020"]
[PlyCount "61"]
[EventDate "2018.??.??"]

1. e4 c5 2. c3 d5 3. exd5 Qxd5 4. d4 Nc6 5. Nf3 Bg4 6. Be2 cxd4 7. cxd4 e6 8.
Nc3 Bb4 9. O-O Qa5 10. Qd3 Nf6 11. Be3 O-O 12. a3 Be7 13. b4 Qd8 14. Rfd1 Nd5
15. Nxd5 Qxd5 16. h3 Bf5 17. Qc4 Be4 18. Rac1 Rfd8 19. Qxd5 Bxd5 20. Ne5 f6 21.
Nxc6 bxc6 22. Rc3 a5 23. Rb1 axb4 24. axb4 Rdb8 25. b5 Ra5 26. b6 Bd8 27. Bf3
Kf7 28. Bxd5 cxd5 29. b7 Ra7 30. Rc8 Rbxb7 31. Rxb7+ 1-0

[Event "ONJK 2018 A"]
[Site "Borne, Netherlands"]
[Date "2018.08.08"]
[Round "5.8"]
[White "De Bock, Thijs"]
[Black "Lahouel, Kim-Luca"]
[Result "0-1"]
[WhiteElo "1959"]
[BlackElo "1894"]
[PlyCount "34"]
[EventDate "2018.??.??"]

1. e4 e5 2. Nf3 Nc6 3. d4 exd4 4. Bc4 Bc5 5. O-O d6 6. c3 dxc3 7. Nxc3 Nf6 8.
Bg5 Be6 9. Nd5 Bxd5 10. exd5 Ne5 11. Nxe5 dxe5 12. Re1 O-O 13. Rxe5 Qd6 14. Qe2
Ng4 15. Be7 Qxe5 16. Bxc5 Qxh2+ 17. Kf1 Qh1# 0-1

[Event "ONJK 2018 A"]
[Site "Borne, Netherlands"]
[Date "2018.08.08"]
[Round "5.9"]
[White "Roebers, Eline"]
[Black "Carpentier, Jannes"]
[Result "1-0"]
[WhiteElo "1857"]
[BlackElo "1937"]
[PlyCount "79"]
[EventDate "2018.??.??"]

1. e4 b6 2. d4 Bb7 3. Nd2 e6 4. Ngf3 c5 5. c3 Nf6 6. Bd3 Nc6 7. O-O Be7 8. Re1
Qc7 9. e5 Nd5 10. Ne4 cxd4 11. cxd4 Ncb4 12. Bb1 f5 13. exf6 Nxf6 14. Nxf6+
Bxf6 15. Ne5 g6 16. Bf4 Nd5 17. Bg3 Qd8 18. Nc4 O-O 19. Nd6 Bc6 20. Qg4 Bg7 21.
Be5 Bxe5 22. dxe5 Rf4 23. Qg3 Qe7 24. Be4 Raf8 25. Re2 Qg7 26. Bxd5 Bxd5 27.
Ne8 Qe7 28. Nf6+ R8xf6 29. exf6 Qxf6 30. Qc3 Qg5 31. g3 Rc4 32. Qe3 Qg4 33. f3
Bxf3 34. Rf2 Bc6 35. Raf1 g5 36. Rf8+ Kg7 37. Qe5+ Kh6 38. Qf6+ Kh5 39. Qf7+
Kh6 40. Rf6# 1-0

[Event "ONJK 2018 A"]
[Site "Borne, Netherlands"]
[Date "2018.08.08"]
[Round "5.10"]
[White "Van Roon, Sjoerd"]
[Black "Warmerdam, Ivo"]
[Result "1-0"]
[WhiteElo "2116"]
[BlackElo "1817"]
[PlyCount "63"]
[EventDate "2018.??.??"]

1. e4 d6 2. d4 Nf6 3. Nc3 g6 4. Be3 Bg7 5. f3 O-O 6. Qd2 e5 7. d5 a6 8. O-O-O
b5 9. g4 Nbd7 10. h4 Nb6 11. h5 b4 12. Nb1 a5 13. Bd3 Ba6 14. Bh6 Qe7 15. Ne2
Rfc8 16. Bxg7 Kxg7 17. Ng3 Bxd3 18. Qg5 Bxe4 19. fxe4 Kh8 20. hxg6 fxg6 21.
Rxh7+ Qxh7 22. Qxf6+ Kg8 23. Rh1 Qxh1+ 24. Nxh1 Kh7 25. Nd2 Na4 26. Qe7+ Kg8
27. Nf3 Rf8 28. Ng5 Rf1+ 29. Kd2 Rxh1 30. Qf7+ Kh8 31. Qf6+ Kg8 32. Qxg6+ 1-0

[Event "ONJK 2018 A"]
[Site "Borne, Netherlands"]
[Date "2018.08.08"]
[Round "5.11"]
[White "Ghebreab, Elnathan"]
[Black "Baselmans, Luuk"]
[Result "0-1"]
[WhiteElo "1897"]
[BlackElo "2100"]
[PlyCount "60"]
[EventDate "2018.??.??"]

1. e4 e6 2. d4 d5 3. exd5 Qxd5 4. Nf3 Nf6 5. Bd3 Be7 6. Nc3 Qd8 7. Qe2 O-O 8.
Ne4 Nbd7 9. Bg5 Nd5 10. c3 h6 11. Bd2 b6 12. Ne5 Bb7 13. O-O-O c5 14. Nxd7 Qxd7
15. dxc5 bxc5 16. c4 Nb6 17. Bc3 f5 18. Ng3 Qc6 19. Nxf5 Bg5+ 20. Ne3 Qxg2 21.
Rhf1 Bf3 22. Qc2 Bxd1 23. Rxd1 Rxf2 24. Bh7+ Kh8 25. Qd3 Bxe3+ 26. Kb1 Bd4 27.
Be4 Rxb2+ 28. Kc1 Qg5+ 29. Bd2 Rxd2 30. Rxd2 Be3 0-1